000 00312nam a2200133Ia 4500
005 20251222155053.0
008 251222s9999||||xx |||||||||||||| ||spa||
082 _aESC. 64
100 _aOPS / OMS.
245 0 _aCurso Sobre Habilidades de Supervision
250 _a2da. ed.
264 _bOPS/OMS
942 _cLIB
999 _c37378
_d37378